000 00330 a2200157 4500
001 187970
020 _a0-582-40210-7
040 _cMagnum
100 _aKerr, J Y K
240 1 0 _aRing of bright water
_lING
245 1 0 _aRing of bright water
300 _a41
362 0 _a1998
697 _aLITERATURA INGLESA
942 _cBK
999 _c187970
_d187970